Top 100 Chess Players - Statistics

General Stats
  • This quiz has been taken 395 times
  • The average score is 24 of 100
Answer Stats
# Country FIDE Rating Answer % Correct
1 Norway 2863 Magnus Carlsen
98%
2 United States 2835 Fabiano Caruana
89%
3 China 2791 Ding Liren
88%
18 United States 2736 Hikaru Nakamura
87%
10 Netherlands 2764 Anish Giri
79%
15 India 2753 Viswanathan Anand
78%
8 United States 2770 Wesley So
78%
7 Armenia 2773 Levon Aronian
77%
5 France 2778 Maxime Vachier-Lagrave
73%
21 FIDE 2728 Alireza Firouzja
67%
4 Russian Federation 2784 Ian Nepomniachtchi
64%
11 Azerbaijan 2764 Shakhriyar Mamedyarov
63%
16 Poland 2753 Jan-Krzysztof Duda
62%
19 Bulgaria 2735 Veselin Topalov
60%
6 Russian Federation 2777 Alexander Grischuk
58%
13 Hungary 2760 Richard Rapport
58%
17 Russian Federation 2752 Sergey Karjakin
54%
9 Azerbaijan 2765 Teimour Radjabov
53%
38 Russian Federation 2699 Daniil Dubov
49%
49 China 2683 Li Chao b
46%
12 China 2763 Wang Hao
44%
20 China 2732 Wei Yi
41%
14 United States 2758 Leinier Dominguez Perez
36%
59 Ukraine 2678 Vasyl Ivanchuk
36%
23 India 2726 Vidit Santosh Gujrathi
33%
26 India 2719 Penteala Harikrishna
31%
31 Vietnam 2709 Le Quang Liem
30%
37 England 2701 Michael Adams
30%
41 United States 2691 Sam Shankland
29%
60 Israel 2676 Boris Gelfand
27%
54 Netherlands 2682 Jorden Van Foreest
25%
24 Russian Federation 2723 Peter Svidler
25%
27 Czech Republic 2719 David Navara
24%
75 England 2663 David W L Howell
23%
64 France 2673 Etienne Bacrot
22%
28 Poland 2719 Radoslaw Wojtaszek
22%
58 Russian Federation 2678 Vladimir Fedoseev
21%
50 Russian Federation 2682 Andrey Esipenko
20%
76 Hungary 2663 Peter Leko
20%
29 Russian Federation 2716 Vladislav Artemiev
20%
84 China 2658 Hou Yifan
19%
32 United States 2709 Jeffery Xiong
19%
95 Sweden 2651 Nils Grandelius
19%
33 China 2709 Yu Yangyi
19%
22 Russian Federation 2726 Dmitry Andreikin
18%
30 Spain 2710 Francisco Vallejo Pons
17%
61 Iran 2676 Parham Maghsoodloo
17%
44 Egypt 2686 Bassem Amin
14%
39 Russian Federation 2696 Kirill Alekseenko
14%
42 Ukraine 2688 Anton Korobov
13%
52 United Arab Emirates 2682 Salem A.R. Saleh
13%
36 Spain 2703 David Anton Guijarro
12%
67 England 2670 Gawain C B Jones
12%
25 Russian Federation 2722 Nikita Vitiugov
12%
66 Ukraine 2672 Pavel Eljanov
12%
81 United States 2660 Samuel Sevian
12%
65 United States 2673 Ray Robson
11%
90 Azerbaijan 2654 Rauf Mamedov
10%
63 United States 2674 Gata Kamsky
9%
55 England 2680 Luke J McShane
9%
82 India 2659 Baskaran Adhiban
8%
35 China 2705 Bu Xiangzhi
8%
34 Russian Federation 2706 Evgeny Tomashevsky
8%
53 Armenia 2682 Gabriel Sargissian
8%
93 Peru 2652 Jorge Cori
8%
56 Austria 2679 Markus Ragger
8%
74 Azerbaijan 2664 Nijat Abasov
8%
91 Russian Federation 2654 Alexey Sarana
7%
46 Russian Federation 2685 Maxim Matlakov
7%
83 Russian Federation 2659 Alexander Morozevich
6%
87 France 2655 Maxime Lagarde
6%
80 Uzbekistan 2661 Rustam Kasimdzhanov
6%
45 Georgia 2686 Ivan Cheparinov
5%
88 Germany 2655 Liviu-Dieter Nisipeanu
5%
40 England 2694 Matthew D Sadler
5%
69 China 2669 Wang Yue
5%
85 Romania 2656 Constantin Lupulescu
4%
62 Russian Federation 2675 Sanan Sjugirov
4%
97 Ukraine 2650 Andrei Volokitin
3%
100 United States 2649 Dariusz Swiercz
3%
47 Russian Federation 2684 Dmitry Jakovenko
3%
79 Russian Federation 2661 Ernesto Inarkiev
3%
78 Hungary 2661 Ferenc Berkes
3%
94 Russian Federation 2652 Grigoriy Oparin
3%
77 Armenia 2663 Hrant Melkumyan
3%
70 China 2667 Ni Hua
3%
89 Kazakhstan 2654 Rinat Jumabayev
3%
68 Russian Federation 2669 Vladimir Malakhov
3%
51 Ukraine 2682 Yuriy Kryvoruchko
3%
43 Hungary 2687 Zoltan Almasi
3%
86 Russian Federation 2655 Aleksey Dreev
2%
48 Russian Federation 2684 Alexander Predke
2%
92 Russian Federation 2653 David Paravyan
2%
73 Ukraine 2665 Illya Nyzhnyk
2%
57 Ukraine 2678 Alexander Areshchenko
1%
72 Azerbaijan 2665 Gadir Guseinov
1%
98 France 2649 Romain Edouard
1%
99 Armenia 2649 Sergei Movsesian
1%
96 Russian Federation 2651 Sergei Rublevsky
1%
71 Armenia 2665 Karen H. Grigoryan
0%
No matching quizzes found
Score Distribution
Percent of People with Each Score
Percentile by Number Answered
Your Score History
You have not taken this quiz